Statistics for All Playboi Carti Songs

Click here to take the quiz!

General Stats

  • This quiz has been taken 3,745 times
    (660 since last reset)
  • The average score is 41 of 78

Answer Stats

AlbumSong% Correct
Playboi CartiMagnolia
89%
Whole Lotta RedSky
89%
Die LitR.I.P.
88%
Whole Lotta RedStop Breathing
88%
Whole Lotta RedRockstar Made
87%
Whole Lotta RedMeh
86%
Die LitLong Time (Intro)
84%
Whole Lotta RedGo2DaMoon
83%
Playboi CartiLocation
82%
Whole Lotta RedNew Tank
82%
Playboi CartiWoke Up Like This
80%
Die LitShoota
78%
Whole Lotta RedOver
77%
Whole Lotta RedVamp Anthem
77%
Whole Lotta RedBeno!
75%
Whole Lotta RedILoveUIHateU
75%
Die LitR.I.P. Fredo (Notice Me)
74%
Whole Lotta RedM3tamorphosis
73%
Whole Lotta RedControl
72%
Die LitLean 4 Real
71%
Playboi CartiNew Choppa
68%
Whole Lotta RedNo Sl33p
68%
The Idol: Music from the HBO Original SeriesPopular
68%
Whole Lotta RedTeen X
68%
Whole Lotta RedF33l Lik3 Dyin
67%
Whole Lotta RedJumpOutTheHouse
67%
Whole Lotta RedNew N3on
67%
Playboi CartiFlex
66%
Die LitPoke It Out
66%
Whole Lotta RedSlay3r
66%
Die LitFlatBed Freestyle
65%
Playboi CartiKelly K
65%
Die LitLove Hurts
65%
Whole Lotta RedPunk Monk
64%
Whole Lotta RedKing Vamp
63%
Die LitChoppa Won't Miss
62%
Whole Lotta RedDie4Guy
62%
Whole Lotta RedPlace
62%
Die LitHome (KOD)
61%
Die LitMileage
61%
Whole Lotta RedOn That Time
61%
Die LitFell in Luv
60%
Die LitForeign
59%
Playboi CartiNo. 9
58%
Die LitTop
58%
Playboi CartiLookin
57%
SingleBroke Boi
56%
Whole Lotta RedNot Playing
56%
Die LitOld Money
56%
Die LitMiddle of the Summer
55%
Playboi CartiHad 2
53%
Die LitNo Time
52%
Playboi CartiHalf & Half
51%
Die LitPull Up
49%
Die LitRight Now
49%
Playboi CartiYah Mean
48%
Playboi CartiLet It Go
47%
Playboi Cartidothatsh*t!
46%
Playboi CartiLame N***az
46%
Playboi CartiOther Sh*t
37%
Single #2Miss the Rage
36%
Single #3I LUV IT
31%
Young Mi$fit$teeze
8%
Young Mi$fitBlue Crystal$
7%
Young Mi$fitZOMBIE$
7%
THC: THE HIGH CHRONICAL$Carolina Blue
6%
Young Mi$fitVan Go
6%
Young Mi$fitClub Pink
5%
Young Mi$fit$kit 1
5%
THC: THE HIGH CHRONICAL$Living Reckless
5%
THC: THE HIGH CHRONICAL$36 Villainz
4%
Young Mi$fit$kit 2
4%
THC: THE HIGH CHRONICAL$LAte NiGHt
3%
THC: THE HIGH CHRONICAL$Outro
3%
Young Mi$fitPaper Cha$in'
3%
THC: THE HIGH CHRONICAL$The High Chronicals
3%
THC: THE HIGH CHRONICAL$To Cool
3%
THC: THE HIGH CHRONICAL$HoT BoX
2%

Score Distribution

Percentile by Number Answered

Percent of People with Each Score

Your Score History

You have not taken this quiz since the last reset